Medical Jurisprudence (Record no. 345079)

MARC details
000 -LEADER
fixed length control field 00347nam a2200145Ia 4500
008 - FIXED-LENGTH DATA ELEMENTS--GENERAL INFORMATION
fixed length control field 230511s1998 xx 000 0 und d
041 ## - LANGUAGE CODE
Language code of text/sound track or separate title eng
082 ## - DEWEY DECIMAL CLASSIFICATION NUMBER
Classification number 345.067
100 ## - MAIN ENTRY--PERSONAL NAME
Personal name Bansal B L
245 ## - TITLE STATEMENT
Title Medical Jurisprudence
250 ## - EDITION STATEMENT
Edition statement 1st
260 ## - PUBLICATION, DISTRIBUTION, ETC.
Place of publication, distribution, etc. Nagpur
Name of publisher, distributor, etc. Nagpur Law House
Date of publication, distribution, etc. 1998
300 ## - PHYSICAL DESCRIPTION
Extent 652
906 ## - LOCAL DATA ELEMENT F, LDF (RLIN)
a Medical Jurisprudence
Holdings
Withdrawn status Lost status Damaged status Not for loan Home library Current library Shelving location Date acquired Source of acquisition Cost, normal purchase price Total Checkouts Full call number Barcode Date last seen Price effective from Koha item type
        New Law College, Kolhapur New Law College, Kolhapur   11/05/2023 Prakash Law House 375.00   345.067 NLK-1097 11/05/2023 11/05/2023 Reference Books